| 000 | 00400nam a2200157Ia 4500 | ||
|---|---|---|---|
| 008 | 180424s9999 xx 000 0 und d | ||
| 084 | _aT8 G1 | ||
| 100 | _a"Shankaraiyer, Gomathi" | ||
| 245 | 0 | _aIsaitamil Ilakkanam Vilakam | |
| 250 | _a\\198400TAMGPSX | ||
| 260 | _aMadurai Kamaraj University | ||
| 260 | _b1984 | ||
| 260 | _cMadurai | ||
| 500 | _aincludes index and biblioraphy | ||
| 942 | _cBK | ||
| 999 |
_c56416 _d56416 |
||